000 00705nam a2200229Ia 4500
001 15337
003 GE_BSU
008 181216s||||||||xx |||||||||||||| ||und||
040 _cGE_BSU
080 _a821.353.1-1
100 _aქოიავა, მურმან
245 _aექო ზღვაზე
245 _bლექსები
245 _cრედ.ბ.ხარანაული.მხატვ.ტ.შეყილაძე
260 _aთბილისი
260 _bსაბჭოთა საქართველო
260 _c1967
300 _a70გვ. ; 16სმ.
653 _aექო ზღვაზე
653 _aლექსები
942 _cBK
999 _c48445
_d48445